| 000 | 00985nam a22002771a 4500 | ||
|---|---|---|---|
| 001 | 3295723 | ||
| 005 | 20110718120749.0 | ||
| 008 | 830503s1983 miu b 001 0 eng | ||
| 010 | _a83008966 | ||
| 020 | _a0802835848 | ||
| 035 | _9(DLC) 83008966 | ||
| 040 |
_aDLC _cDLC _dDLC |
||
| 050 | 0 | 0 |
_aBR115.P8 _bA96 1983 |
| 082 | 0 | 0 |
_aBR 115.P8A96 1983 _219 |
| 100 | 1 | _aAune David E. | |
| 100 | _aAune David E. | ||
| 245 | 1 | 0 |
_aProphecy in early Christianity and the ancient Mediterranean world _cDavid E. Aune _h[Text] |
| 260 |
_bWilliam B. Eerdmans Publishing Company Grand Rapids, Michigan _cc1983 |
||
| 300 | _axii, 522 p. ; 24 cm. | ||
| 500 | _aIncludes bibliography and indexes | ||
| 504 | _aIncludes bibliography and indexes | ||
| 650 | 0 |
_aProphecy _xChristianity _xHistory of doctrines _yEarly church, ca. 30-600 |
|
| 650 | 0 |
_aProphecy _xHistory. |
|
| 906 |
_a7 _bcbc _corignew _d1 _eocip _f19 _gy-gencatlg |
||
| 991 |
_bc-GenColl _hBR115.P8 _iA96 1983 _p00001792106 _tCopy 1 _wBOOKS |
||
| 999 |
_c5732 _d5732 |
||